000 00942nam a22002297a 4500
999 _c4375
_d4375
003 AR-CdUCM
008 190308b ||||| |||| 00| 0 spa d
040 _aMUNICIPALIDAD PROVINCIAL DEL CUSCO
_cBIBLIOTECA MUNICIPAL DEL CUSCO
082 _a720.949407 /
_bB13
100 _aBachmann, Jul.
_913815
245 _aNuevos caminos de la arquitectura suiza /
260 _aMadrid :
_bBlume,
_c1969.
300 _a126 páginas ;
_bImagenes
_c24 cm.
440 _aNuevos caminos de la arquitectura
_913816
505 _aContenido: Nuevos caminos de la arquitectura suiza -- Un sitio apartado de la historia: el punto de reunión en Europa -- La construcción desde 1945: la arquitectura suiza y sus modelos -- Hacia un urbanismo mejor -- Trabajo y comercio ...
650 _aConstrucción
_94996
650 _aViviendas
_913065
650 _aEstética urbanística
_913817
700 _aVon Moos, S.
_913818
942 _2ddc
_cLIBROS
945 _aafb